00471nam a2200181 a 4500008004100000020001500041050001500056100002300071245002300094260004200117300001600159350000900175490002900184490000600213500001700219650001400236650003900250120416s1992 ||||||||||||||||| || u a0198556756 aQD 331 Sai aSainsbury, Malcolm10aAromatic chemistry aOxfordbOxford University Pressc1992 a92p. : ill. a0.00 aOxford chemistry primers v4 aBibliography aTEXTBOOKS 0aCHEMISTRY--HANDBOOKS, MANUALS, ETC